000 00891cam a22002891 4500
001 he 68003606
003 DLC
005 20260227111506.0
008 940307s1966 is a 000 0 heb
010 _ahe 68003606
025 _a[PL480:Is-8384]
035 _a(OCoLC)29915967
040 _aDLC
_cTxU
_dDLC
041 1 _aheb
_heng
042 _apremarc
050 0 0 _aPQ1811.H43
_bB4
100 1 _aLa Fontaine, Jean de,
_d1621-1695.
245 1 0 _aMeshalim nivḥarim
_c[me-et] Lah-Fontain. ʻIvrit: Mosheh Ben-Shaul. Tsiyurim: Romin Simon.
260 _a[Tel-Aviv]
_bM. Mizraḥi
_c[1966]
300 _a[32] p.
_bcol. illus.
_c30 cm.
490 0 _aha-Yafot be-agadot ha-ʻolam
500 _aCover title: Mivḥar mishle Lah-Fontain.
500 _aVocalized.
500 _aTranslations from Fables.
700 2 _aBen-Shaul, Mosheh,
_etr.
700 1 _aSimon, Romain,
_d1915-
_eillus.
999 _c33928
_d33928